Literature : (Record no. 14089)

000 -LEADER
fixed length control field 00635cam a2200229 a 4500
020 ## - INTERNATIONAL STANDARD BOOK NUMBER
ISBN 0130975109 (case)
040 ## - CATALOGING SOURCE
Transcribing agency DLC
082 00 - DEWEY DECIMAL CLASSIFICATION NUMBER
Classification number 808 PRE 1995 A094 Or.
100 1# - MAIN ENTRY--AUTHOR NAME
Personal name Roberts, Edgar V
245 10 - TITLE STATEMENT
Title Literature :
Remainder of title an introduction to reading and writing /
250 ## - EDITION STATEMENT
Edition statement 4th ed
260 ## - PUBLICATION, DISTRIBUTION, ETC. (IMPRINT)
Place of publication Englewood Cliffs, N.J. :
Name of publisher Prentice Hall,
Year of publication c1995
300 ## - PHYSICAL DESCRIPTION
Number of Pages lii, 1724 p. :
Other physical details ill. (some col.) ;
Dimensions 24 cm
500 ## - GENERAL NOTE
General note Includes indexes
650 #0 - SUBJECT ADDED ENTRY--TOPICAL TERM
Topical Term Literature
650 #0 - SUBJECT ADDED ENTRY--TOPICAL TERM
Topical Term Exposition (Rhetoric)
650 #0 - SUBJECT ADDED ENTRY--TOPICAL TERM
Topical Term Literature
650 #0 - SUBJECT ADDED ENTRY--TOPICAL TERM
Topical Term College readers
650 #0 - SUBJECT ADDED ENTRY--TOPICAL TERM
Topical Term Report writing
700 1# - ADDED ENTRY--PERSONAL NAME
Personal name Jacobs, Henry E
942 ## - ADDED ENTRY ELEMENTS (KOHA)
Koha item type សៀវភៅភាសាអង់គ្លេស
952 ## - LOCATION AND ITEM INFORMATION (KOHA)
Withdrawn status [LOCAL, KOHA] 0
Holdings
Permanent Location Date acquired Koha item type Lost status Shelving location Barcode Current Location Full call number
Library Block A2017-10-06សៀវភៅភាសាអង់គ្លេស A094A21163Library Block A808 PRE 1995 A094 Or.
មជ្ឈមណ្ឌលឯការនៃសាកលវិទ្យាល័យភូមិន្ទកសិកម្មចំការដូង

Powered by Koha